Countries Bordering 'T' Countries - Statistics

General Stats
  • This quiz has been taken 996 times
  • The average score is 24 of 30
Answer Stats
Country % Correct
Uzbekistan
91%
China
89%
Afghanistan
87%
Kyrgyzstan
87%
Kazakhstan
86%
Armenia
85%
Iran
85%
Laos
85%
Burma
84%
Cambodia
84%
Kenya
84%
Iraq
82%
Greece
81%
Syria
81%
Azerbaijan
80%
Mozambique
79%
Georgia
78%
Benin
77%
Ghana
77%
Algeria
75%
Uganda
74%
Libya
72%
Rwanda
72%
Burundi
71%
Bulgaria
70%
Burkina Faso
70%
Malawi
68%
Zambia
68%
DR Congo
67%
Malaysia
67%
No matching quizzes found
Score Distribution
Percent of People with Each Score
Percentile by Number Answered
Your Score History
You have not taken this quiz